Rozpoznanie charakteristík používateľa z interakcií s používateľským rozhraním

Saved in:
Bibliographic Details
Main Author: Hlavinová, Petra (Author)
Other Authors: Kuric, Eduard (Thesis advisor)
Format: Manuscript Book
Language:Slovak
Published: 2023
Subjects:
Online Access:http://is.stuba.sk/zp/portal_zp.pl?podrobnosti=162647
Tags: Add Tag
No Tags, Be the first to tag this record!

MARC

LEADER 00000ntm a22000003a 4500
001 stuzp92348
003 SK-STU
005 20230909212845.6
007 ta
008 150427s2015----xo-----f-mn---000-0-slo-d
040 |a STU  |b slo 
041 0 |a slo 
100 1 |a Hlavinová, Petra  |u 070200  |4 aut  |U FIIT Fakulta informatiky a informačných technológií  |T FIIT Ústav informatiky, informačných systémov a softvérového inžinierstva  |X 110796  |U I200  |Y 179  |7 110796 
242 0 1 |a Recognition of user characteristics from user interactions  |y eng 
245 1 0 |a Rozpoznanie charakteristík používateľa z interakcií s používateľským rozhraním 
260 |c 2023 
650 4 |a Veľká Päťka  |2 slo 
650 4 |a triedenie kariet  |2 slo 
650 4 |a analytické uvažovanie  |2 slo 
650 4 |a Card Sorting  |2 slo 
650 4 |a charakterové črty  |2 slo 
650 4 |a správanie sa použivateľa  |2 slo 
650 4 |a Big Five  |2 eng 
650 4 |a Card Sorting  |2 eng 
650 4 |a user behaviour  |2 eng 
650 4 |a analytical thinking  |2 eng 
650 4 |a personality traits  |2 eng 
700 1 |a Kuric, Eduard  |u 070200  |k Z1  |4 ths  |U FIIT Fakulta informatiky a informačných technológií  |T FIIT Ústav informatiky, informačných systémov a softvérového inžinierstva  |X 17452  |U I200  |Y 179  |7 17452 
856 4 |u http://is.stuba.sk/zp/portal_zp.pl?podrobnosti=162647